|
|
|
|
| LEADER |
01755cas a2200265 a 4500 |
| 001 |
AALejournalIMF004604 |
| 008 |
230101c9999 xx r poo 0 0eng d |
| 020 |
|
|
|c 5.00 USD
|
| 020 |
|
|
|z 9781451865387
|
| 022 |
|
|
|a 1018-5941
|
| 040 |
|
|
|a BD-DhAAL
|c BD-DhAAL
|
| 100 |
1 |
|
|a Peter, Marcel.
|
| 245 |
1 |
0 |
|a Implementing Inflation Targeting :
|b Institutional Arrangements, Target Design, and Communications /
|c Marcel Peter, Scott Roger, Geoffrey Heenan.
|
| 264 |
|
1 |
|a Washington, D.C. :
|b International Monetary Fund,
|c 2006.
|
| 300 |
|
|
|a 1 online resource (57 pages)
|
| 490 |
1 |
|
|a IMF Working Papers
|
| 500 |
|
|
|a <strong>Off-Campus Access:</strong> No User ID or Password Required
|
| 500 |
|
|
|a <strong>On-Campus Access:</strong> No User ID or Password Required
|
| 506 |
|
|
|a Electronic access restricted to authorized BRAC University faculty, staff and students
|
| 520 |
3 |
|
|a Transparency is a central element in most aspects of the design and operation of inflation targeting regimes. This paper focuses on three elements of inflation targeting most closely associated with transparency: (i) the institutional arrangements supporting inflation targeting; (ii) the specification of the inflation target; and (iii) the central bank's policy communications. The paper is primarily aimed at providing practical advice to countries planning to develop an inflation targeting framework, but many of the issues are relevant for any credible, independent monetary policy.
|
| 538 |
|
|
|a Mode of access: Internet
|
| 700 |
1 |
|
|a Heenan, Geoffrey.
|
| 700 |
1 |
|
|a Roger, Scott.
|
| 830 |
|
0 |
|a IMF Working Papers; Working Paper ;
|v No. 2006/278
|
| 856 |
4 |
0 |
|z Full text available on IMF
|u http://elibrary.imf.org/view/journals/001/2006/278/001.2006.issue-278-en.xml
|z IMF e-Library
|